000 00446nam a2200193Ia 4500
003 OSt
005 20251212121703.0
008 250729s2005 xx 000 0 und d
040 _cAL
041 _aeng
082 _a930.7 KART
100 _aKarthik G S
_9226991
245 _aTeaching of economics
260 _aNew Delhi
_c2005
300 _a285p
650 _aEconomics
_9226992
700 _aRao Digumurthi
_9226993
942 _2ddc
_cBED
999 _c237493
_d237493